00402nam a22001337a 4500008004100000082001200041100001900053245006400072260002200136502004200158650002600200650002100226650002100247190823b xxu||||| |||| 00| 0 eng d aCD15598 aBhandari, Anju aSubversion of traditional gender roles in "The Book Thief". aKathmandu:c2019. aDissertationbDegree in EnglishcT.U. aAustralian literature aAustralian novel aHistorical novel